[Event "RSA-ch U18/20 Girls"]
[Site "Bloemfontein"]
[Date "2016.03.21"]
[Round "2"]
[White "De Koster, Wilna"]
[Black "Minnaar, Johane"]
[Result "1-0"]
[WhiteElo "1395"]
[BlackElo "913"]
[PlyCount "60"]
[EventDate "2016.03.20"]
[EventType "swiss"]
[EventRounds "11"]
[EventCountry "RSA"]
[SourceTitle "CBM 171 Extra"]
[Source "ChessBase"]
[SourceDate "2016.04.26"]
[SourceVersion "1"]
[SourceVersionDate "2016.04.26"]
[SourceQuality "1"]

1. d4 e5 2. e4 Qe7 3. Nf3 exd4 4. Qxd4 Nc6 5. Qe3 d6 6. Nc3 Nf6 7. Bb5 Bd7 8. Qe2 a6 9. Bd3 g6 10. h3 Bg7 11. Bg5 Nb4 12. Bc4 Be6 13. Bb5+ c6 14. Bd3 Nxd3+ 15. Qxd3 h6 16. Bf4 Nd7 17. Bxd6 Bc4 18. Bxe7 Bxd3 19. cxd3 Kxe7 20. 0-0 Ne5 21. Nxe5 Bxe5 22. Rac1 Rad8 23. Rfd1 Ke6 24. Rc2 f5 25. Rcc1 fxe4 26. dxe4 b5 27. Kf1 b4 28. Rxd8 Rxd8 29. Rd1 Ke7 30. b3 a5 1-0